Chelmsford, Essex (Record no. 116645)

MARC details
000 -LEADER
fixed length control field 00792cam a22002055a 4500
001 - CONTROL NUMBER
control field L141176
008 - FIXED-LENGTH DATA ELEMENTS--GENERAL INFORMATION
fixed length control field 071101s1865 xxk eng u
035 ## - SYSTEM CONTROL NUMBER
System control number (Sirsi) u141176
041 0# - LANGUAGE CODE
Language code of text/sound track or separate title eng
100 1# - MAIN ENTRY--PERSONAL NAME
Personal name Smith, Charles
245 00 - TITLE STATEMENT
Title Chelmsford, Essex
Remainder of title particulars and conditions of sale of...no. 2 Western Terrace...which will be sold by auction by Mr Alfred Darby and Messrs. Chas. Smith and Sons...at The Corn Exchange, Chelmsford on Thursday November 16 1865 at three for four o'clock...
260 ## - PUBLICATION, DISTRIBUTION, ETC.
Place of publication, distribution, etc. S.l.
Name of publisher, distributor, etc. s.n.
Date of publication, distribution, etc. [1865]
300 ## - PHYSICAL DESCRIPTION
Extent 2 leaves
Dimensions 33 x 21 cm.
340 ## - PHYSICAL MEDIUM
Material base and configuration Printed
351 ## - ORGANIZATION AND ARRANGEMENT OF MATERIALS
Hierarchical level Single item
651 4# - SUBJECT ADDED ENTRY--GEOGRAPHIC NAME
Geographic name Essex
690 ## - LOCAL SUBJECT ADDED ENTRY--TOPICAL TERM (OCLC, RLIN)
Topical term or geographic name as entry element PROPERTY-PROPERTY ACQUISITION AND DISPOSAL-ACQUISITION AND DISPOSAL AT AUCTION
710 2# - ADDED ENTRY--CORPORATE NAME
Corporate name or jurisdiction name as entry element Charles Smith and Sons
9 (RLIN) 5437
942 ## - ADDED ENTRY ELEMENTS (KOHA)
Suppress in OPAC 0
Holdings
Withdrawn status Lost status Source of classification or shelving scheme Damaged status Not for loan Home library Current library Shelving location Date acquired Total Checkouts Full call number Barcode Date last seen Copy number Price effective from Koha item type
    Dewey Decimal Classification     London London Basement 01/11/2007   BASEMENT BOX 5 141176-1001 06/08/2019 1 06/08/2019 Archive